Limón reggae /
Gardado en:
| Autor Principal: | |
|---|---|
| Formato: | Libro |
| Idioma: | Spanish |
| Publicado: |
San José :
Editorial Legado,
2008.
|
| Edición: | 3. edición |
| Materias: | |
| Etiquetas: |
Engadir etiqueta
Sen Etiquetas, Sexa o primeiro en etiquetar este rexistro!
|
MARC
| LEADER | 00000cam a2200000 a 4500 | ||
|---|---|---|---|
| 001 | 15489673 | ||
| 005 | 20230208151901.0 | ||
| 008 | 081017s2007 cr 000 1 spa | ||
| 020 | |a 97899689519021 | ||
| 040 | |a DLC |c DLC |d CIICLA | ||
| 082 | |a CR863.4 |b R8314-Lm3 | ||
| 100 | 1 | |a Rossi, Anacristina |d 1952- | |
| 245 | 1 | 0 | |a Limón reggae / |c Anacristina Rossi. |
| 250 | |a 3. edición | ||
| 260 | 1 | |a San José : |b Editorial Legado, |c 2008. | |
| 300 | |a 291 páginas | ||
| 650 | 7 | |9 76 |a LITERATURA COSTARRICENSE |v NOVELA | |
| 942 | |2 ddc |c BK | ||
| 999 | |c 22261 |d 22261 | ||
